Metal bands starting with the letter C - Statistics

General Stats
  • This quiz has been taken 41 times
  • The average score is 3 of 50
Answer Stats
Hint Answer % Correct
USA 1988 Cannibal Corpse
52%
UK 1985 Carcass
44%
USA 1996 Cold
32%
UK 1991 Cradle Of Filth
32%
Finland 1993 Children Of Bodom
28%
Switzerland 1984 Celtic Frost
24%
USA 1996 Cattle Decapitation
16%
USA 2005 Carnifex
12%
USA 1993 Coal Chamber
12%
Canada 1992 Cryptopsy
12%
USA 2007 Chelsea Grin
8%
USA 2015 Creeping Death
8%
USA 1971 Cirith Ungol
4%
UK 1979 Cloven Hoof
4%
USA 1991 Clutch
4%
USA 1995 Coheed and Cambria
4%
USA/Norway 2003 Combichrist
4%
USA 1982 Corrosion Of Conformity
4%
Japan 2006 Crossfaith
4%
Sweden 1998 Cult Of Luna
4%
Finland 2001 Callisto
0%
UK 1988 Cancer
0%
UK 1989 Cathedral
0%
Canada 2006 Cauldron
0%
France 2005 Celeste
0%
USA 1999 Celldweller
0%
Finland 2023 Cemetery Skyline
0%
Belgium 1990 Channel Zero
0%
UK 1978 Charged G.B.H.
0%
Finland 1992 Charon
0%
USA 1998 Chimaira
0%
Taiwan 1995 Chthonic
0%
USA 1979 Circle Jerks
0%
Sweden 2012 Cities Last Broadcast
0%
Netherlands 2001 Cliteater
0%
USA 2010 Cloud Rat
0%
USA 2008 Code Orange
0%
Japan 2007 Coldrain
0%
USA 1986 Confessor
0%
USA 2004 Confide
0%
USA 1990 Converge
0%
Switzerland 1983 Coroner
0%
Sweden 2000 Crashdiet
0%
UK 2014 Creeper
0%
USA 2011 Crobot
0%
USA 2017 Crown Magnetar
0%
USA 2010 Crown The Empire
0%
Japan 2002 Crystal Lake
0%
Poland 2004 Cultes Des Ghoules
0%
USA 2013 Cult Leader
0%
No matching quizzes found
Score Distribution
Percent of People with Each Score
Percentile by Number Answered
Your Score History
You have not taken this quiz